000 00850nam a22002417a 4500
003 UA-OsUOA
001 106032
007 ta
008 20140430b un ||||| |||| 00| 0 ukr d
090 _a82.09
_bС47
942 _cBK
040 _aUA-OsUOA
_bukr
_cUA-OsUOA
_dUA-OsUOA
245 _aСлавний нащадок козацького роду Яр Славутич
300 _a88 с.
955 _a2
041 _aukr
080 _a82.09
020 _a978-966-688-022-8
520 3 _aЗмістПотужне слово поетаДві долі, дві Батьківщини, а в серці - біль УкраїниПісні ЛІдії Яцкової на вірші Яра Славутича
260 _aК.
_bТроя
_c2009
650 7 _a82 Література. Літературознавство
_2UDC
999 _c392671
_d392671